000 00527nmm a2200157Ia 4500
008 251105s9999||||xx |||||||||||||||||und||
020 _a9789562844093
041 _aspa
100 _aFernández Valdés, Juan José
245 0 _aChile y Perú : Historia de sus relaciones diplomáticas entre 1879-1929
264 _a[Santiago de Chile, Chile] :
_bRil editores,
_c2004
300 _a626 páginas
650 _aHistory of the Americas: Latin America
856 _uhttps://public.digitaliapublishing.com/a/39346
942 _cCF
999 _c94363
_d94363